000 00576nam a2200241 a 4500
001 nice12345678
003 IN_TiNIC
005 20260116015156.0
008 050524s1983 dela grp 000 0 eng
020 _a
_c15
082 0 0 _a297.7
_bSAQ
100 _aSaqr, Abdul Badei
245 _aHow to Call People to Islam
260 _aDelhi
_bHindustan Publications
_c1983
300 _a154p
500 _aincludes index and biblioraphy
505 2 _a550p
650 _aDawah-Islam
700 1 _aSaqr, Abdul Badei
902 _bSRS
942 _cBK
999 _c18623
_d18623